| 000 | 00669nam a2200217Ii 4500 | ||
|---|---|---|---|
| 003 | JO-AjNU | ||
| 008 | 230606s9999||||xx |||||||||||||| ||und|| | ||
| 020 | _a978-0-19-883870-8 | ||
| 040 |
_aJO-AjNU _beng _erda _cJO-AjNU |
||
| 041 | _aeng | ||
| 050 | 1 | 4 | _aKD2073.99 .B53 2019 |
| 100 | 3 |
_aedited French, Derek, _eauthor _96102 |
|
| 245 | 0 | 0 | _aBlackstone's statutes on Company Law 2019-2020 |
| 250 | _a23rd ed | ||
| 264 | 3 | 1 | _aOxford: Oxford University Press, 2019 |
| 300 | _a750p | ||
| 336 |
_atext _btxt _2rdacontent |
||
| 337 |
_aunmediated _bn _2rdamedia |
||
| 338 |
_avolume _bnc _2rdacarrier |
||
| 650 | 4 |
_aCorporation law-Ondernemingsrecht-Great Britain _96103 |
|
| 999 |
_aE3168 _c3164 _d3164 |
||